000 00709cam a2200181 4500500
005 20260111080405.0
041 _afre
042 _adc
100 1 0 _aSponchiado, Lucie
_eauthor
245 0 0 _aLa nomination des collaborateurs ministériels à l’entrée et à la sortie du cabinet : des processus transparents ?
260 _c2020.
500 _a30
690 _acabinet du Premier ministre
690 _acabinet du président de la République
690 _acabinets ministériels
786 0 _nGestion & Finances Publiques | 1 | 1 | 2020-03-11 | p. 57-62 | 1969-1009
856 4 1 _uhttps://droit.cairn.info/revue-gestion-et-finances-publiques-2020-1-page-57?lang=fr&redirect-ssocas=7080
999 _c1616243
_d1616243